00519nam a2200169Ia 4500003000900000008004100009040001600050080001500066245007900081260004700160300001500207490002700222500002600249650004100275650000800316700002500324IN-BaIIA211028s9999 xx 000 0 eng d cIIA Library a523.9bTHE 4aThe suncedited by Gerard P. Kuiper  aChicagobUniversity of Chicago Pressc1953 axix, 745p. aThe Solar System; v. 1 aDonated by Mrs. Bappu aAstronomy and astrophysics thesaurus aSun aKuiper, Gerard P ed.